00620nam a2200205 a 450000100060000000300090000600500170001500800410003201000170007304000380009008200150012810000210014324500460016426000460021030000340025650400510029065000260034165000290036765100180039615339BD-DhUAP20200128105509.0200128s2008 enka b 001 0 eng d a 93024674  aBD-DhUAPcBD-DhUAPdBD-DhUAPbEng00a305.42223 aGonsalves, Lina.10aWomen and human rights /cLina Gonsalves. aNew Delhi :bA. P. H. Publishing,cc2008. axiv, 162 p. :bill. ;c24 cm. aIncludes bibliographical references and index. 0aWomen's rightszIndia 0aWomenxSocial conditions aHuman rights.